书目信息 |
| 题名: |
围城
|
|
| 作者: | 钱锺书 著 | |
| 分册: | ||
| 出版信息: | 北京 人民文学出版社 1991 |
|
| 页数: | 362页 | |
| 开本: | 23cm | |
| 丛书名: | ||
| 单 册: | ||
| 中图分类: | I246.57 , I247.5 , I246.5 | |
| 科图分类: | ||
| 主题词: | 长篇小说--中国--现代 | |
| 电子资源: | ||
| ISBN: | 978-7-02-009000-6 | |
| 000 | 00739nam0 2200265 450 | |
| 001 | 2228 | |
| 005 | 20161205104921.10 | |
| 010 | @a978-7-02-009000-6@b精装@dCNY39.00 | |
| 100 | @a20141027d20121991em y0chiy0110 ea | |
| 101 | 0 | @achi |
| 102 | @aCN@b110000 | |
| 105 | @ay z 000ay | |
| 200 | 1 | @a围城@9wei cheng@b专著@f钱锺书著 |
| 205 | @a2版 | |
| 210 | @a北京@c人民文学出版社@d1991@h2012重印 | |
| 215 | @a362页@d23cm | |
| 330 | @a长篇小说·中国·当代 | |
| 500 | 10 | @a围城@9wei cheng |
| 606 | 0 | @a长篇小说@y中国@z现代 |
| 690 | @aI246.57@v5 | |
| 690 | @aI247.5@v4 | |
| 690 | @aI246.5@v4 | |
| 701 | 0 | @a钱锺书@9qian zhong shu@f(1910~1998)@4著 |
| 801 | 0 | @aCN@b大连网信软件有限公司图书馆·11@c20161205 |
| 905 | @aZUCC@dI246.5@e24=2 | |
| 围城/钱锺书著.-2版.-北京:人民文学出版社,1991(2012重印) |
| 362页;23cm |
| ISBN 978-7-02-009000-6(精装):CNY39.00 |
| 长篇小说·中国·当代 |
| ● |
| 相关链接 |
|
|
|
|
正题名:围城
索取号:I246.5/24=2
 
预约/预借
| 序号 | 登录号 | 条形码 | 馆藏地/架位号 | 状态 | 备注 |
| 1 | 910546 | 209105467 | 第一样本阅览室/ [索取号:I246.5/24=2] | 在馆 | |
| 2 | 910547 | 209105476 | 第二借阅区/ [索取号:I246.5/24=2] | 在馆 | |
| 3 | 910548 | 209105485 | 第二借阅区/ [索取号:I246.5/24=2] | 在馆 | |
| 4 | 910549 | 209105494 | 第二借阅区/ [索取号:I246.5/24=2] | 在馆 | |
| 5 | 910550 | 209105500 | 第二借阅区/ [索取号:I246.5/24=2] |
已借出,限还日期为2026.05.07 借出人:王建欣 |